[Event "Fajr op 19th"]
[Site "Mashhad"]
[Date "2011.02.28"]
[Round "4"]
[White "Dzhumaev, Marat"]
[Black "Tiviakov, Sergei"]
[Result "0-1"]
[WhiteElo "2493"]
[BlackElo "2623"]
[Annotator "Tiviakov,S"]
[PlyCount "118"]
[EventDate "2011.02.26"]
[EventType "swiss"]
[EventRounds "11"]
[EventCountry "IRI"]
[SourceTitle "CBM 141"]
[Source "ChessBase"]
[SourceDate "2011.03.17"]
[SourceVersion "1"]
[SourceVersionDate "2011.03.17"]
[SourceQuality "1"]

{This game from the 4th round of the 19th Fajr International chess tournament
in Mashhad was very important for me. It not only allowed me to take the lead
but also gave the necessary confidence which resulted in good play during the
whole tournament and eventually the shared 1st place in a very strong
tournament (I won the event on tie-break and gained 14 rating points).} 1. e4
d5 {[The Scandinavian Defence remains my main weapon against 1.e4 and I don't
see any reason to change it to any other opening. And, with each tournament
played, the theory of the Scandinavian Defence advances rapidly. In several
lines (like in the present game, for example) theory already starts after move
15!]} 2. exd5 Qxd5 3. Nc3 Qd6 4. d4 Nf6 5. Nf3 c6 6. Ne5 Nbd7 7. Nc4 Qc7 8. Qf3
Nb6 9. Bf4 Qd7 10. h3 $5 {This interesting pawn sacrifice was introduced into
practice by Bologan against me in the Croatian League last September, although
there was 1 engine game with it played at playchess.com earlier (gone mostly
unnoticed). After the loss to Bologan (connected mostly to my bad form in the
league but not the variation itself) I did some work at home finding a
convincing way to re-group the black pieces and neutralise White's initiative.
Still I was surprised that my opponent in the present game - Marat Dzhumaev
chose 10.h3 to repeat since the pawn's sacrifice is very risky. Any of 3
results can happen after it, whereas there are a lot of other lines in the
Scandinavian Defence where White can choose to play much more solidly.} Nxc4
11. Bxc4 Qxd4 12. Bb3 (12. Bd3 {took place in the source game. Black should be
OK also after it.} Qb6 13. O-O g6 14. a4 Bg7 15. a5 Qxb2 16. Be5 Qb4 17. Ne4
Nxe4 18. Bxg7 Nd2 19. Qe2 Rg8 20. c3 Qh4 21. Qxd2 Rxg7 22. Rfe1 e6 23. a6 b6
24. c4 Qe7 25. Be4 Bd7 26. c5 b5 27. Qc3 Kf8 28. Rad1 Rc8 29. Rd6 Rc7 30. Red1
Rg8 31. Bc2 Be8 32. Bb3 Rc8 33. Re1 Rd8 34. Qd4 Rd7 35. Rd1 Rc7 36. Qe5 Bd7 37.
h4 Ke8 38. g4 g5 39. R6d4 Bc8 40. hxg5 Rd7 41. Rxd7 Bxd7 42. Qb8+ Qd8 43. Qxa7
Ke7 44. f4 Qc8 45. Kg2 b4 46. Kg3 Rh8 47. Qb6 Rg8 48. a7 h6 49. gxh6 Rf8 50.
Rd4 Rh8 51. Rxb4 Rxh6 52. Qb8 Rh3+ 53. Kxh3 Qa6 54. Qd6+ Kf6 55. g5+ Kg7 56.
Qe5+ Kg8 57. Rb8+ Bc8 58. Kg2 Qe2+ 59. Qxe2 Kg7 60. a8=Q Kg6 61. Bc2+ f5 62.
gxf6+ Kxf6 63. Qe5+ Ke7 64. Qg7+ Ke8 65. Rxc8# {1-0 THX_Ultra,R-Alcaudon,R/
playchess.com 2009/IM 29 Computer (65)}) 12... e6 13. Rd1 (13. O-O {allows} Bd6
{with better chances for Black.}) 13... Qb6 ({The text move is not the only
one for Black to play here. After} 13... Qc5 $5 {Black has at least equal
chances as well, although the arising positions are too complex to analyse out
until a definite conclusion.} 14. O-O Be7 (14... Qf5 $5 {deserves serious
attention as well.}) 15. Rfe1 O-O (15... Qh5 $5 {is playable}) 16. Re5 Qb6 17.
Na4 Qa6 18. Nc5 Qb6 19. Na4 Qa6 20. c4 ({Here White should have forced a draw
by} 20. Nc5 $11) 20... Rd8 21. Rxd8+ Bxd8 22. Qd3 Be7 23. Bc2 b6 24. Bg5 h6 25.
Bf4 Bb7 26. Qg3 Kf8 27. b3 Rd8 28. Qe3 Ng8 29. Rh5 Bf6 30. Qg3 c5 31. Bd6+ Be7
32. Bxe7+ Nxe7 33. Qe3 Qa5 34. Nc3 Qa3 35. Kh2 Qb2 36. Be4 Bxe4 37. Nxe4 Nf5
38. Qf4 g6 39. Rxh6 Nxh6 40. Qxh6+ Kg8 41. Qg5 Qd4 42. Qe7 Kg7 43. Ng3 Qf6 44.
Qc7 Rd4 45. f3 Qf4 46. Qxf4 Rxf4 47. Ne2 Rh4 48. Kg3 Rh8 49. Nc3 Rd8 50. Nb5
Kf6 51. Kf4 g5+ 52. Ke3 Rd7 53. Nc3 Kg6 54. Ke2 f5 55. Nd1 Kf6 56. Nf2 Ke5 57.
Ke3 Rd4 58. g3 f4+ 59. gxf4+ gxf4+ 60. Ke2 Kf5 61. Nd3 Kg5 62. Ne5 Kh4 63. Nc6
Rd7 64. Ne5 Rg7 65. Kd3 Kxh3 66. Ke4 Kg3 67. a3 a5 68. Nc6 Rc7 69. Ne5 a4 70.
bxa4 Ra7 {0-1 Melia,S-Mikadze,M/Anaklia GEO 2011/The Week in Chess 846 (70)})
14. O-O Be7 15. Ne4 Nxe4 (15... O-O 16. Be5 Nxe4 17. Qxe4 {leads us to the
same position as 15...Ne4}) 16. Qxe4 O-O 17. Be5 Rd8 $1 $146 ({An improvement
to the above-mentioned game against Bologan. I saw this move during that game
but failed to find the strong plan with Rd7-Qd8 re-grouping the Black pieces.} 
17... c5 18. Rfe1 a5 {These 2 last moves only weakened the black pawn
structure on the queenside. Later White won the game although clearly Black
could have defended stubbornly!} (18... Rd8 $5) 19. Re3 Rd8 (19... Qb4 20. Bc4
$16) 20. Rxd8+ Qxd8 21. Rd3 Qf8 (21... Qb6 22. Qg4 (22. Bxg7 Kxg7 23. Rg3+ Kf8
24. Qxh7 Bf6 $11) 22... f6 23. Bd6 Bxd6 24. Bxe6+ Bxe6 25. Qxe6+ Kf8 26. Qxd6+
(26. Rxd6 Qxb2 $11) 26... Qxd6 27. Rxd6 Ke7 28. Rb6 Ra7 $14 29. f4 Kd7 30. Kf2
Kc7 31. Re6 Kd7 32. f5 $14) 22. Ba4 f6 23. Bc7 f5 24. Qc4 Qf6 (24... h6 25. Bd7
$14) 25. Qb5 Ra6 ({Wohl nur unwesentlicher zäher wäre} 25... h6 26. Bxa5 Kh7 {
would probably only be insignificantly more tenacious,}) 26. Bxa5 (26. Bd8 $1
Qf8 (26... Bxd8 27. Qe8+ Qf8 28. Qxf8+ Kxf8 29. Rxd8+) 27. Bxe7 Qxe7 28. Qe8+
$1 Qxe8 29. Bxe8 Kf8 30. Rd8 Rb6 31. b3 Bd7 32. Bxd7+ Ke7 33. Rg8 Kxd7 34.
Rxg7+ $18 {Breutigam}) 26... e5 (26... Bd6 27. Bc3 $16) 27. Rd8+ Bxd8 28. Qe8+
Qf8 29. Bb3+ Be6 30. Bxe6+ Rxe6 31. Qxe6+ Kh8 32. Qc8 Be7 33. Qxb7 e4 34. a4
Bf6 35. Bc7 c4 36. a5 {1-0 Bologan,V-Tiviakov,S/Sibenik 2010/CBM 138 Extra (36)
}) 18. Bc4 ({After} 18. Qg4 Bf8 19. Qg3 (19. Bf6 Rd7) 19... Rd7 {(this move
was not seen by me during the game with Bologan)} 20. Rxd7 Bxd7 21. Rd1 Be8 22.
Rd4 Qc5 23. c3 Qe7 $11 {Black is OK. He manages to defend everything and keep
the extra pawn.}) 18... Rd7 {The black position looks extremely dangerous
since his queenside pieces are not developed at all. But strangely enough
White has nothing in the position, all his threats can be neutralised. And
although all engines evaluate this position as equal it is White who should be
thinking about equality!} 19. Qg4 ({Other moves don't create serious threats
for Black either.} 19. Bd3 g6 20. Qf4 Qd8 21. Bc3 Bd6 $15) ({or} 19. Rd3 Rxd3
20. Bxd3 g6 {followed by Bd7-e8.}) 19... Bf8 (19... g6 $5 {was possible here
as well but I wanted to refrain from the weakening g7-g6 until the last
possible moment.}) 20. a3 ({Strange move connected with the idea to play b2-b4
at some point, but I failed to find anything dangerous for Black and after
other lines also. For example,} 20. Rxd7 Bxd7 21. Rd1 Be8 $15) ({or} 20. Bd3 g6
{followed by Bg7.}) 20... Qc5 21. Qe4 g6 22. b4 ({Or} 22. Rxd7 Bxd7 23. Rd1 Be8
{and Bg7.}) 22... Qe7 23. h4 ({After} 23. Rxd7 Bxd7 24. Qf4 {Black plays
similarly to the game continuation:} Be8 25. Bf6 Qd6 26. Be5 Qd8 {followed by
Bg7.}) 23... h5 $1 (23... a5 $5 {is offered by the computer engine, but I
didn't want to allow White any play on the kingside. So I decided to fix the
pawns there and give more space to my king.}) 24. Rxd7 Bxd7 25. Qf4 Be8 (25...
Bg7 $6 26. Bxg7 Kxg7 {is not good since after it White has} 27. Qc7 Qxh4 28.
Qxb7 $11 {with equal chances.}) 26. Bf6 Qd6 ({The immediate} 26... Bh6 {
is a loss of tempo after} 27. Qe5 {It is better to put the queen on d8 first
where it has more squares to move from.}) 27. Be5 Qe7 (27... Qd8 {It was
possible to play} 28. Bf6 Bh6 {immediately, but I wanted to repeat the
position winning 1 extra minute thinking time. I was already short on time
from now on and until the end of the game. The shortage of time explains my
not always accurate play in the later stages of the game.}) 28. Bf6 Qd6 29. Be5
Qd8 30. Bf6 Bh6 31. Qf3 ({Black is also better after} 31. Qe5 $5 Qb8 32. Qc3
Qf4 $15 (32... Qd6 $5 {deserves attention as well})) 31... Qd2 32. Bb3 (32. Bd3
{allows the exchange of queens after} Qf4 $17 {with a huge advantage for Black.
}) 32... Qf4 33. Qc3 Rc8 $6 ({A mistake. It was better to play} 33... c5 $1 {
immediately with a big advantage after} 34. bxc5 Bc6 $17) 34. Re1 c5 ({Finally
I play it... Other moves were also good to keep the small advantage.} 34... Qf5
$15) ({or} 34... Rc7 $15 {and if} 35. Be5 $140 {now, then} Qd2 36. Qxd2 Bxd2
37. Rd1 Rd7) 35. Rxe6 {During the game I thought this move was impossible but
I missed the move 40.Qc3-a1.} fxe6 (35... c4 36. Re1 b5 $15 {locking the Bb3
out of play was a good alternative to the text. But during the game I thought
the text was winning.}) 36. Bxe6+ Kh7 37. Bxc8 Qc1+ 38. Kh2 Bf4+ 39. g3 Bc6 40.
Qa1 $8 ({The only move, missed by me.} 40. f3 {loses immediately after} Be3 $19
({or} 40... Qf1 $19)) 40... Qd2 $1 ({Luckily for me the advantage is not lost,
Black still keeps the upper hand due to the active position of his pieces and
the attacking possibilities.} 40... Qxc2 41. Qe1 $11 {is equal.}) 41. Qg1 $2 ({
The losing move. Only} 41. Qf1 $8 {could have resisted Black's attack,
although still after} cxb4 ({other moves are not enough to keep the advantage} 
41... Bxg3+ 42. Kxg3 Qd6+ 43. f4 Qxf6 $11) (41... Be3 42. Kh3 Bxf2 43. Qc4 Bd5
44. Qb5 Bc6 45. Qc4 $11) (41... Bd6 42. c3 Bxg3+ 43. Kxg3 Qd6+ 44. f4 Qxf6 45.
Qc4 $11) 42. axb4 Qxb4 43. Qe2 Bh6 $15 {Black is slightly better due to the
pawn majority on the queenside (passed pawn a7) if he exchanges queens on e4
which cannot be prevented.}) 41... Be3 42. Bg5 (42. Qf1 Bxf2 $19 {loses}) 42...
Bxg5 43. hxg5 cxb4 44. axb4 Qxb4 $19 {Because of the vulnerable position of
the Kh2 White cannot prevent the quick advance of the a7-pawn.} 45. Qa1 ({or} 
45. Qf1 Qd2 $19 {winning}) 45... Qe4 ({More accurate was} 45... Qf8 $1 {
winning immediately after} 46. Qf6 Qxc8 ({or} 46... Qxf6 47. gxf6 a5 48. Be6 a4
$19 {with a win in the bishop ending after Be4-c2-b3}) 47. Qf7+ Kh8 48. Qf6+
Kg8 49. Qxg6+ Kf8 $19 {and the black king escapes from all checks.}) 46. Bh3 a5
47. Qd1 a4 48. f4 Qe3 ({other moves win as well} 48... h4 $19) (48... Qf3 49.
Qe1 Be4 $19) 49. Bf5 gxf5 $6 ({I saw the easiest way to win and escape from
the checks but at the last moment panicked and played the worse 49...gxf5.} 
49... Qf3 $142 {was better:} 50. Bxg6+ (50. Qxf3 Bxf3 $19 {is an easily won
bishop ending for Black.}) 50... Kxg6 51. Qd6+ Kf7 52. Qf6+ Ke8 53. Qe6+ Kd8
54. Qf6+ Kc7 $19 {winning easily}) 50. Qxh5+ Kg7 51. Qh6+ Kf7 52. g6+ Ke7 (
52... Ke6 53. g7+ Kf7 54. Kh3 Qe4 $19 {wins as well.}) 53. Qg7+ Kd6 54. Qf8+
Kc7 55. Kh3 Qe6 (55... Bd5 $19 {was also possible}) 56. Qg7+ ({or} 56. Qf7+ Bd7
$19) 56... Kb6 57. Kh4 Ka6 58. Kg5 ({After} 58. Qf7 Bd5 $19 {Black prevents
the further advance of the white pawn g6, his own pawn a4 will decide!}) 58...
Be8 59. g4 Qxg6+ {I am quite happy with this game which I think will close the
line with the pawn sacrifice 10.h3 forever!} 0-1

[Event "Hoogeveen Unive Crown 13th"]
[Site "Hoogeveen"]
[Date "2009.10.23"]
[Round "5"]
[White "Ivanchuk, Vassily"]
[Black "Tiviakov, Sergei"]
[Result "1/2-1/2"]
[WhiteElo "2756"]
[BlackElo "2670"]
[Annotator "Tiviakov,S"]
[PlyCount "118"]
[EventDate "2009.10.18"]
[EventType "tourn"]
[EventRounds "6"]
[EventCountry "NED"]
[EventCategory "17"]
[SourceTitle "CBM 133"]
[Source "ChessBase"]
[SourceDate "2009.11.19"]
[SourceVersion "1"]
[SourceVersionDate "2009.11.19"]
[SourceQuality "1"]

1. e4 d5 2. exd5 Qxd5 3. Nc3 Qd6 4. d4 Nf6 5. Nf3 c6 6. Ne5 Nbd7 7. Bf4 Nd5 8.
Nxd5 Qxd5 9. Nf3 Nb6 10. Be2 Bf5 11. c3 e6 12. O-O Be7 13. a4 $5 $146 (13. Re1
O-O 14. Ne5 Qd8 (14... Rac8 $5 15. a4 Qd8 16. a5 Nd5 17. Bg3 Bg5 18. Qb3 Qe7
19. Bf3 Rfd8 20. Rad1 h6 21. Nd3 Bxd3 22. Rxd3 Qd7 23. Rdd1 Ne7 24. Be4 Bf6 25.
Bc2 Nd5 26. Qc4 g6 27. Qb3 Qe7 28. Be4 Kg7 29. h3 Rd7 30. Bf3 Qd8 31. Qa4 Ne7
32. Be5 Bxe5 33. dxe5 Rxd1 34. Rxd1 Qc7 35. Qd4 Qxa5 36. b4 Qc7 37. Qxa7 Nd5
38. Qd4 Ra8 39. b5 cxb5 40. Bxd5 Rd8 41. Qf4 Rxd5 42. Qf6+ Kh7 43. Rxd5 exd5
44. e6 fxe6 45. Qxe6 Qxc3 46. Qf7+ Qg7 47. Qxd5 b4 48. Qb5 Qe7 49. g3 g5 50.
Qc4 Kg7 51. Kg2 Qd6 52. Kg1 Kf6 53. h4 Qd1+ 54. Kg2 b3 55. hxg5+ hxg5 56. Qc3+
Ke7 57. Qg7+ Kd6 58. Qf8+ Kc6 59. Qf6+ Kc5 60. Qe7+ Kc4 61. Qc7+ Kd3 62. Qxb7
g4 63. Qd5+ Kc2 64. Qc5+ Kb1 65. Qf5+ Kc1 66. Qf4+ Qd2 67. Qc4+ Qc2 68. Qf4+
Kb1 69. Qxg4 b2 70. Qf3 Qc4 71. Qf5+ Kc1 72. Qg5+ Kc2 73. Qf5+ Qd3 74. Qc5+ Kd1
75. Qh5+ Kd2 76. Qg5+ Kc3 77. Qc5+ Kb3 78. Qb6+ Ka2 79. Qa5+ Kb1 80. g4 Kc1 {
0-1 Vila Gazquez,J-Tiviakov,S/Benidorm 2008/CBM 127 Extra (80)}) 15. Qb3 (15.
Bg3 $5 Nd7 (15... Bg5 16. a4 Nd5 17. a5 Rc8 $14) 16. Nc4 (16. Nf3 Qb6 $11)
16... Nb6 17. Na5 $140 Qd7 $11) (15. c4 $140 Bb4 16. Rf1 (16. Bd2 Be7 17. Bc3
Nd7 $13) 16... Be7) 15... Qd5 {1/2-1/2 Pikula,D-Tiviakov,S/Budva MNE 2009/The
Week in Chess 748 (15)} (15... Nd5 16. Bg3 (16. Qxb7 Rb8 17. Qxa7 Ra8 18. Qb7
Rb8 19. Qa6 Nxf4 20. Nxc6 Qc7 21. Nxb8 Rxb8 22. Bb5 Rb6 23. Qa8+ Rb8 24. Qa6
Rb6 $11) 16... Qb6 $11) (15... Bd6 $5) (15... a5 16. a4 Nd5 17. Bg3 Qb6 18.
Qxb6 Nxb6 19. Bd3 Bxd3 20. Nxd3 Nd5 21. Ne5 Rfd8 $11)) (13. Qc1 O-O 14. c4 Qd8
(14... Qe4 15. Re1 Qc2 16. Qxc2 Bxc2 $11) 15. Rd1 Qc8 16. Qe3 Rd8 17. Rac1 Bf6
18. h3 h6 19. Rd2 Qd7 20. Rcd1 Qe7 21. Be5 Bxe5 22. dxe5 Rxd2 23. Qxd2 Kf8 24.
Qa5 Qc7 25. Rd6 Ke8 26. Nd4 Bg6 27. Nb3 a6 28. Nc5 Rd8 29. Rxd8+ Kxd8 30. Nxb7+
Qxb7 31. c5 Kc7 32. Bxa6 Qa7 33. f4 Be4 34. Kf2 Bd5 35. a3 Ba2 36. Ke3 Bd5 37.
g3 Ba2 38. b4 Bd5 39. h4 Bb3 40. Kd4 Bd1 41. Qxb6+ Qxb6 42. cxb6+ Kxb6 43. Bd3
f6 44. Bc4 Bg4 45. a4 Bh3 46. a5+ Kc7 47. Kc5 fxe5 48. fxe5 g5 49. hxg5 hxg5
50. a6 Bg4 51. a7 Kb7 52. Kd6 {1-0 Kasparov Sergey (BLR)-Tomazini Aljosa (SLO)/
Graz (Austria) 2009 (52)}) 13... a5 (13... O-O 14. a5 Nc4 15. Qb3 (15. b3 Nb2
16. Qd2 (16. Qc1 Qxb3 17. Nd2 Qc2 18. Qxc2 Bxc2 19. Ra2 Bd3 $15) 16... Qxb3 $13
) 15... Nd6 (15... Qe4 16. Bxc4 Qxf4 17. Qxb7 $14) 16. c4 Qe4 17. Be3 a6 (17...
Qc2 18. Qxc2 Bxc2 19. a6 b6 20. Ne5 $14) (17... Rfd8 18. Ne5 $14) 18. Rfe1 (18.
Ne5 Qc2 19. Qxc2 Bxc2 $14) 18... Qc2 19. Qb4 $14) 14. Bc7 Bd8 (14... Nc8 $2 15.
Ne5 $18) (14... Nd7 15. Nd2 $14) 15. Bg3 Qd7 (15... O-O 16. Ne5 Bg5 17. Bf3 Qd8
18. Qb3 Ra7 19. Rad1 Nd5 20. Rfe1 $14) 16. Qb3 (16. Ne5 Qe7 $14) 16... Bc7 17.
Rfe1 (17. Ne5 $5 Qc8 (17... Qe7 18. Nc4 Nxc4 19. Qxb7 $16) (17... Qd8 18. Rad1
$14) 18. c4 (18. Qa3 $5) 18... O-O 19. Rad1 $14) 17... O-O 18. Rad1 (18. Ne5
Qe7 $14) 18... Nd5 (18... Bxg3 19. hxg3 Nd5 $14) (18... Rfe8) (18... Rab8) (
18... Rad8 $5 19. Ne5 Qc8 $14) 19. Ne5 Qc8 20. Rd2 Rd8 21. Bh5 Bg6 (21... Rf8)
22. Bg4 Re8 (22... Bd6 $14) 23. Bf3 Nf6 (23... Bf5) (23... Rd8) 24. c4 Bd6 (
24... Bh5 25. Bxh5 Nxh5 26. Qf3 Nf6 $14) 25. c5 Bxe5 26. Bxe5 Nd5 27. h4 h6 28.
h5 Bf5 29. Rde2 (29. Bxd5 exd5 30. Rde2 f6 (30... Bg4 31. Qg3 f6 32. Bxf6 Rxe2
33. Rxe2 Qf5 34. f3 Qxf6 35. Qxg4 $16) 31. Bd6 Rxe2 32. Rxe2 Be6 $14 {/\Qd7,
Re8} (32... Bg4 33. Re7 Bxh5 34. f3 $16)) 29... Rd8 (29... Nb4 30. Be4 Bxe4 31.
Qg3 (31. Rxe4 Nd5 32. Rg4 f6 33. Bd6 Qd7 $14) 31... g5 32. Rxe4 f5 33. R4e2 Qd7
$14) 30. Bd6 Nf6 31. Qe3 Rd7 32. Qf4 Qd8 33. Qg3 (33. g4 Bd3 34. Re3 Bc4 $11 {
/\Bd5}) 33... Ne8 34. Be5 Qg5 (34... f6 $142 35. Bf4 Rxd4 36. Rxe6 $1 (36. Bxh6
Qc7 $15) 36... Bxe6 37. Rxe6 $44) 35. Qh2 (35. Qxg5 hxg5 36. g4 Bd3 37. Re3 Bc2
$11) 35... Rad8 36. Re3 Qe7 (36... Bc2 37. b3 Nf6 38. Bf4 Qf5 39. Bc7 Ra8 $13)
37. g4 Bh7 (37... Bc2 38. b3 Nf6 $11) 38. Bd1 Kf8 $6 $138 (38... Nf6 $11) 39.
Bb3 Qg5 40. Qg3 (40. f3 Rxd4 41. Bxd4 Rxd4 $13) 40... Nf6 41. f3 $6 (41. Bd1
$14 {/\f4}) 41... Nd5 $2 (41... Rxd4 $1 42. Bxd4 Rxd4 43. Bxe6 (43. Qb8+ Ne8
$11 44. Qxb7 (44. Bxe6 Rd1 $15) 44... Qf4 $15 {->}) 43... fxe6 44. Qb8+ Kf7 45.
Rxe6 Rxg4+ 46. fxg4 Qxg4+ $11) 42. Bxd5 Rxd5 43. f4 Qe7 44. g5 (44. f5 Kg8 45.
fxe6 fxe6 46. Bc7 (46. Bd6 Qf6 $14) 46... Re8 $14) 44... hxg5 (44... Bf5 45.
gxh6 f6 46. Bd6 R5xd6 47. cxd6 Rxd6 $16) 45. fxg5 Bf5 46. h6 (46. Rf3 $16) (46.
Rf1 $16) 46... Rxd4 (46... gxh6 47. Bf6 $18) (46... Kg8 47. Rf3 (47. Bxg7 Rxd4
{- 46...Rg4}) 47... Rxe5 48. Rxe5 Bg6 $16) 47. Bxd4 $6 (47. Bxg7+ Kg8 48. Bf6
Qxc5 (48... Qf8 49. h7+ $1 Kxh7 50. Kf2 Rd2+ (50... Kg6 51. Rh1 Rg4 52. Qf3
Rd2+ 53. Kf1 Rd5 54. Rh8 Qxh8 55. Bxh8 Rxg5 $16) 51. Kf3 Kg6 52. Rh1 $16) 49.
g6 $3 Bxg6 50. h7+ Kxh7 51. Bxd8 $16) 47... Rxd4 48. Re5 (48. Rf1 Qxc5 49. h7
$1 Bxh7 50. Qb8+ Ke7 51. Qxb7+ Kd6 52. Qb8+ Ke7 53. Qc7+ Ke8 54. Qxf7+ Kd8 55.
Qf8+ Qxf8 56. Rxf8+ Ke7 57. Ra8 Rxa4 58. Ra7+ Kd6 59. Rxg7 Rg4+ 60. Kf2 Bf5 $14
) 48... Bg6 (48... Qc7 $11) 49. Qh3 (49. Rxe6 fxe6 50. Qf2+ Bf5 51. Qxd4 Qxg5+
52. Kf2 Qxh6 $11) 49... gxh6 (49... Bh7 $11) 50. Qxh6+ Kg8 51. Rxe6 fxe6 52.
Qxg6+ Qg7 53. Qe8+ Qf8 54. Qxe6+ Qf7 55. Qc8+ Kg7 56. Qh3 Qg6 (56... Kg8 $11)
57. Kh1 (57. Re2 Rd3 58. Qh4 Rd5 $11) 57... Rd5 (57... Qf7 $11) 58. Re7+ (58.
Qh4 Rxg5 59. Qd4+ Qf6 60. Re7+ Kg6 $11) (58. Qc3+ Kg8 59. Qh3 Kg7) 58... Kf8
59. Re1 Kg7 1/2-1/2